Vybrané obchodné spory medzi USA a EU a jejich řešení ve WTO

Vymedzenie postavenia EÚ a USA vo svetovej ekonomike. WTO a obchodné spory. Proces urovnania obchodných sporov. Vznik a charakter obchodných sporov medzi ES a USA. Spor o oceľ. Dôsledky ochranárskych opatrení na dovoz ocele.

Salvato in:
Dettagli Bibliografici
Autore principale: Tvrdoň, Michal
Natura: Capitolo di libro
Lingua:ceco
Soggetti:
Tags: Aggiungi Tag
Nessun Tag, puoi essere il primo ad aggiungerne!!

MARC

LEADER 00000naa$a2200000$$$4500
001 0101350
005 20231128130622.8
041 0 |a cze 
044 |a CZ 
245 1 0 |a Vybrané obchodné spory medzi USA a EU a jejich řešení ve WTO  |c Michal Tvrdoň 
520 |a Vymedzenie postavenia EÚ a USA vo svetovej ekonomike. WTO a obchodné spory. Proces urovnania obchodných sporov. Vznik a charakter obchodných sporov medzi ES a USA. Spor o oceľ. Dôsledky ochranárskych opatrení na dovoz ocele. 
610 2 0 |a obchod svetový 
610 2 0 |a Svetová obchodná organizácia 
610 2 0 |a ochrana trhu 
610 2 0 |a spory súdne 
610 2 0 |a USA 
610 2 0 |a spory súdne 
100 1 |a Tvrdoň, Michal